| 000 | 00765nam a2200253 a 4500 | ||
|---|---|---|---|
| 001 | 60692 | ||
| 003 | BD-RjUL | ||
| 005 | 20211209080855.0 | ||
| 008 | 170102s1971 cau b 000 0 eng d | ||
| 020 | _c$6.95 | ||
| 035 | _a(BD-RjUL)60816 | ||
| 040 |
_aDLC _cDLC _dDLC _beng |
||
| 041 | _aeng | ||
| 082 | 0 | 0 |
_a370.973 _223 _bSTE 1971 |
| 100 | 1 |
_aStewart, Don K. _9180812 |
|
| 245 | 1 | 0 |
_aEducational malpractices : _bthe big gamble in our schools / _cby Don Stewart. |
| 260 |
_aWestminster, Calif. : _bSLATE Services, _c1971. |
||
| 300 |
_axii, 339 p. ; _c23 cm. |
||
| 504 | _aIncludes bibliographical references. | ||
| 650 | 0 |
_aEducation _zUnited States. _9179826 |
|
| 650 | 0 |
_aEducation _xAims and objectives. _9179667 |
|
| 942 |
_2ddc _cBK |
||
| 999 |
_c60692 _d60692 |
||